| 000 | 00000nam##2200000za#4500 |
| 001 | 9.625237 |
| 003 | CaOODSP |
| 005 | 20220808101246 |
| 007 | ta |
| 008 | 150406|2000||||xxc||||| f|0| 0 fre|d |
| 020 | |a0-662-84367-3 |
| 040 | |aCaOODSP|bfre |
| 043 | |an-cn--- |
| 086 | 1 |aEn40-215/49F |
| 110 | 1 |aCanada. |bEnvironnement Canada. |
| 245 | 10|aAcrylonitrile |
| 260 | |aOttawa - Ontario : |bEnvironnement Canada |c2000. |
| 300 | |avi, 79p. : |bréférences, tableaux ; |c28 cm. |
| 490 | 1 |aListe des substances d'intérêt prioritaire: rapport d'évaluation |
| 500 | |a«En 1994, on a utilisé 7600 t d'acrylonitrile au Canada, entièrement importées des États-Unis... L'atmosphère et les eaux douces reçoivent respectivement 97,3 et 2,7% des rejets d'acrylonitrile. Ces rejets proviennent presque exclusivement (à 97,4%) de l'industrie chimique organique--c'est-à-dire des produits chimiques et des plastiques--et ils sont concentrés dans le sud de l'Ontario et du Québec.»--Synopsis. |
| 520 | 3 |aEn 1994, on a utilisé 7600 t d'acrylonitrile au Canada, entièrement importées des États-Unis... L'atmosphère et les eaux douces reçoivent respectivement 97,3 et 2,7% des rejets d'acrylonitrile. Ces rejets proviennent presque exclusivement (à 97,4%) de l'industrie chimique organique--c'est-à-dire des produits chimiques et des plastiques--et ils sont concentrés dans le sud de l'Ontario et du Québec.--Synopsis |
| 563 | |aReliure à spirale |
| 590 | |a00-25|b2000-06-23 |
| 691 | 07|aProduit toxique|2gcpds |
| 691 | 07|aToxicologie|2gcpds |
| 691 | 07|aÉvaluation environnementale|2gcpds |
| 776 | 0#|tAcrylonitrile / |w(CaOODSP)9.590721 |
| 830 | #0|aListe des substances d'intérêt prioritaire, rapport d'évaluation.|w(CaOODSP)9.512966 |